000 01411cam a22003011i 4500
003 SA-RiAUC
005 20250529065110.0
008 250526s2005 su g 000 0bara c
040 _aSA-JeALM
_bara
_cSA-RiAUC
_erda
082 0 4 _a229.5
090 _a229.5
_b س ع د
100 1 _aالسعدي، عبد الرحمن بن ناصر بن عبد الله،
_d1307-1376 هجري
_eمؤلف.
245 1 0 _aفوائد مستنبطة من قصة يوسف عليه السلام /
_cتأليف عبد الرحمن بن ناصر السعدي ؛ حققه محمد بن سليمان بن عبد العزيز آل بسام.
250 _aالطبعة الأولى.
264 1 _aالدمام، السعودية :
_bدار ابن الجوزي،
_c2005
300 _a56 صفحة ؛
_c24 سم
336 _aنص
_btxt
_2rdacontent
_3كتاب
337 _aبدون وسيط
_bn
_2rdamedia
338 _aمجلد
_bnc
_2rdacarrier
500 _aإهداء من ابن المحقق منصور محمد سليمان ال بسام بتاريخ 1429/1/13 هـ
600 0 7 _aيوسف (عليه السلام)
_2aucnm
630 2 7 _aالقرآن
_xقصص
_2aucut
650 7 _aقصص الأنبياء
_2aucsh
700 1 _aآل بسام، محمد بن سليمان بن عبد العزيز،
_dولد 1286 هجري
_eمحقق.
730 2 2 _aالقرآن
942 _2ddc
_cBOOK
_n0
949 _aSA-JeALM
_d250526
_umohamedma123
_n1
999 _c8469
_d8469